| 000 | 00000nam##2200000za#4500 |
| 001 | 9.615364 |
| 003 | CaOODSP |
| 005 | 20200514165623 |
| 007 | ta |
| 008 | 150406|2000||||xxc||||| f|0| 0 eng|d |
| 020 | |a0-660-18309-9 |
| 040 | |aCaOODSP|beng |
| 043 | |an-cn--- |
| 086 | 1 |aNH15-370/2000E |
| 110 | 2 |aCanada Mortgage and Housing Corporation. |
| 245 | 10|aPhilanthropic support for affordable housing / |cPrepared by Manifest Communications Inc., Steve Pomeroy and François Lagarde. |
| 260 | |aOttawa - Ontario : |bCanada Mortgage and Housing Corporation |c2000. |
| 300 | |aix, 134p. : |bfigs., graphs ; |c28 cm. |
| 490 | 1 |aResearch report. Housing affordability and finance series |
| 500 | |a"This report provides sponsors of affordable housing with a general understanding of the philanthropic sector and with information on how to obtain philanthropic contributions for their projects."--Abstract. |
| 504 | |aBibliography. |
| 520 | 3 |aThis report provides sponsors of affordable housing with a general understanding of the philanthropic sector and with information on how to obtain philanthropic contributions for their projects.--Abstract |
| 563 | |aSpiral binding |
| 590 | |a01-02|b2001-01-12 |
| 690 | 07|aHousing|2gcpds |
| 690 | 07|aFundraising|2gcpds |
| 690 | 07|aCharitable donations|2gcpds |
| 720 | 1 |aPomeroy, Steve |
| 720 | 1 |aLagarde, François |
| 776 | 0#|tPhilanthropic support for affordable housing / |w(CaOODSP)9.569092 |
| 830 | #0|aResearch report. Housing affordability and finance series.|w(CaOODSP)9.514815 |